000 00920nam a2200301Ia 4500
001 14490
003 IT-RoPAU
008 130308s9999 xx 000 0 und d
040 _aIT-RoPAU
040 _cIT-RoPAU
041 _aFRANCESE
100 _aDinu Mihai
100 _gCodice Aut. SPICS: 10331
245 _a"A propos d'un etat-Limite du cosmos ovidien dans les ""Metamorphoses"""
245 _bSemiotique Formelle Du folklore (La)-Approche Linguistico-Mathematique
250 _a1a ed.
260 _aPARIS
260 _bKlincksieck
260 _c1978 [1° Ed.:1978 - Ed.Ling.Originale:1978]
300 _a"13 p. (prefazione: no ; testo: 13 [pagine: 245-257])"
500 _a"Metamorfosi e genealogie Mitiche Stato limite del cosmo Ovidiano nelle ""Metamorfosi"""
650 _aSEMIOLOGIA
650 _eCodice materia Spics: 3251
942 _cBK
957 _71
999 _c40472
_d40472
999 _bSI
999 _g1